Pays les moins développés dans le monde - Statistiques

Statistiques générales
  • Ce quiz a été pris 307 fois
  • Le résultat moyen est 11 sur 20
Statistiques - réponses
Classement IDH Pays % Correct
189 0,400 Niger
75%
179 0,479 République démocratique du Congo
75%
172 0,508 Soudan
72%
186 0,428 Mali
69%
182 0,465 Guinée
64%
191 0,385 Soudan du Sud
63%
187 0,426 Burundi
60%
176 0,492 Erythrée
59%
175 0,498 Ethiopie
59%
188 0,404 République centrafricaine
58%
177 0,483 Guinée-Bissau
57%
178 0,480 Libéria
56%
174 0,500 Gambie
53%
181 0,477 Sierra Leone
52%
184 0,449 Burkina Faso
50%
173 0,501 Madagascar
48%
180 0,478 Afghanistan
47%
185 0,446 Mozambique
46%
183 0,455 Yémen
46%
190 0,394 Tchad
15%
Aucun quiz correspondant
Distribution des résultats
% des personnes avec chaque résultat
Percentile par nombre de réponses
Votre historique - résultats
Vous n’avez pas pris ce quiz